10 concursos nacionales. Primeros premios 1995-1999

Sparad:
Bibliografiska uppgifter
Institutionell upphovsman: Iglesis Prat Arquitectos (Författare, medförfattare)
Materialtyp: Bok
Språk:spanska
Publicerad: Santiago FAU 1999
Ämnen:
Taggar: Lägg till en tagg
Inga taggar, Lägg till första taggen!

MARC

LEADER 00000nam a2200000 a 4500
001 UCN8456
003 CL-VaPUC
008 011109e19990000CL |||||||||||||||||spa|d
082 0 4 |a 728.3  |b IGL  |2 21 
110 2 |a Iglesis Prat Arquitectos  |e author  |9 464706 
245 1 0 |a 10 concursos nacionales. Primeros premios 1995-1999 
300 |a 99 p 
942 |c BK 
945 |d 20011109 00:00:00  |a crobeson 
260 |a Santiago  |b FAU  |c 1999 
650 0 |a Viviendas   |9 255326 
650 0 |a Arquitectura   |v Proyectos  |9 464707 
650 7 |a URBANISMO - PROYECTOS  |2 CL-VaPUC  |9 464708 
583 |a last modification  |c 20011109 00:00:00  |k Rodrigo Vera 
999 |c 298345  |d 298343 
952 |0 0  |1 0  |4 0  |6 728_300000000000000_IGL_1999  |7 0  |8 A  |9 353857  |a BIBARQ  |b BIBARQ  |d 2019-11-21  |i 3769704  |o 728.3 IGL 1999  |p 3769704  |r 2025-01-20  |w 2019-11-21  |y BK  |k ARQ 
952 |0 0  |1 0  |4 0  |6 728_300000000000000_IGL_1999  |7 0  |8 A  |9 353858  |a BIBARQ  |b BIBARQ  |d 2019-11-21  |i 3769712  |o 728.3 IGL 1999  |p 3769712  |r 2025-01-20  |w 2019-11-21  |y BK  |k ARQ